000 00488nam a22001697a 4500
005 20251108164746.0
008 250721s9999 xx 000 0 ara d
082 1 4 _a810.901/مصط
100 1 _aناصيف، مصطفى
245 1 0 _aقراءة ثانية لشعرنا القديم /
264 1 _aطرابلس :
_bكلية الآداب،
_c[19-].
300 _a187 ص
650 1 7 _aالأدب العربي
650 1 7 _aالنقد الأدبي
942 _2ddc
_cBK
999 _c13647
_d13647